Concise Encyclopedia Of Indian Polity & Governance (Record no. 196851)

MARC details
000 -LEADER
fixed length control field 00564nam a22001817a 4500
005 - DATE AND TIME OF LATEST TRANSACTION
control field 20230802122945.0
010 ## - LCCN (DPL NO)
LC control number ENG-137663
020 ## - INTERNATIONAL STANDARD BOOK NUMBER
International Standard Book Number 9788170947745
Terms of availability 750.00
035 ## - SYSTEM CONTROL NUMBER
System control number EN-121195
037 ## - SOURCE OF ACQUISITION
Source of stock number/acquisition Vision Books
082 ## - DEWEY DECIMAL CLASSIFICATION NUMBER
Classification number 320.954
100 ## - MAIN ENTRY--PERSONAL NAME
Personal name Kashyap,Subhash C.
245 ## - TITLE STATEMENT
Title Concise Encyclopedia Of Indian Polity & Governance
Statement of responsibility, etc by Subhash C. Kashyap
260 ## - PUBLICATION, DISTRIBUTION, ETC. (IMPRINT)
Place of publication, distribution, etc New Delhi
Name of publisher, distributor, etc Vision Books
Date of publication, distribution, etc 2010
270 ## - ADDRESS
Address 24 Feroze Gandhi Road,Lajpat Nagar 3
City New Delhi
Postal code 110024
300 ## - PHYSICAL DESCRIPTION
Extent 452p.
Dimensions 22cm(Hb)
942 ## - ADDED ENTRY ELEMENTS (KOHA)
Source of classification or shelving scheme Dewey Decimal Classification
Item type English Books
Classification part 320.954
Call number suffix KAS
Holdings
Withdrawn status Lost status Not for loan Collection code Home library Current library Date acquired Source of acquisition Cost, normal purchase price Full call number Barcode Copy number Cost, replacement price Koha item type
      Non-fiction Kadipur Kadipur 02/08/2023 DBAD/PUB 750.00 320.954 KAS EN-121195 1 750.00 English Books

© Delhi Public Library
Hit Counter
free hit counter